[Event "Ruhrgebiet Verbandsklasse Gruppe 2 1819"]
[Site "Nordrheinwestfalen"]
[Date "2018.10.07"]
[Round "2.6"]
[White "Boost, Juergen"]
[Black "Bals, Jochen"]
[Result "1/2-1/2"]
[WhiteElo "1807"]
[BlackElo "1855"]
[PlyCount "125"]
[EventDate "2018.09.23"]
[EventType "team-tourn"]
[EventRounds "9"]
[EventCountry "GER"]
[SourceTitle "EXT 2022"]
[Source "ChessBase"]
[SourceDate "2021.10.06"]
[SourceVersion "1"]
[SourceVersionDate "2021.10.06"]
[SourceQuality "1"]
[WhiteTeam "Gerthe Werne"]
[BlackTeam "Kamen SV II"]
[WhiteTeamCountry "GER"]
[BlackTeamCountry "GER"]

1. e4 c5 2. Nf3 g6 3. Bc4 Bg7 4. 0-0 Nc6 5. c3 Na5 6. Be2 Nf6 7. e5 Nd5 8. d4 cxd4 9. cxd4 0-0 10. Nc3 Nxc3 11. bxc3 Qc7 12. Bd2 Nc4 13. Bf4 b6 14. Qa4 Na5 15. Rac1 Bb7 16. c4 Qc6 17. Qxc6 Nxc6 18. d5 Nb4 19. a3 Na6 20. Nd2 Nc5 21. Rfd1 f6 22. exf6 Bxf6 23. Rc2 Kg7 24. Be3 Rac8 25. f3 h6 26. Ne4 Nxe4 27. fxe4 d6 28. a4 Ba6 29. Bd3 Rc7 30. Rdc1 Rfc8 31. Kf2 Be5 32. g3 h5 33. a5 Rb8 34. axb6 axb6 35. Rb1 Rbb7 36. Rxb6 Rxb6 37. Bxb6 Rb7 38. Be3 Rb4 39. Ke2 Ra4 40. c5 Bxd3+ 41. Kxd3 Ra3+ 42. Ke2 dxc5 43. Bxc5 Ra4 44. Ke3 Kf7 45. Rf2+ Ke8 46. Rd2 Bg7 47. Rd3 Rc4 48. Bd4 Bh6+ 49. Kf3 Rc2 50. h4 g5 51. hxg5 Bxg5 52. Be3 Bxe3 53. Rxe3 Kf7 54. Kf4 Kf6 55. e5+ Kg6 56. Rf3 Rc4+ 57. Ke3 Ra4 58. Kd2 Ra2+ 59. Kc1 Re2 60. e6 Re5 61. Rd3 Re4 62. Kd2 Kf6 63. d6 1/2-1/2